Collier's encyclopedia. Vol.3
Сохранить в:
| Формат: | |
|---|---|
| Язык: | Undetermined |
| Опубликовано: |
New York
P. F. Collier
1957
|
| Предметы: | |
| Метки: |
Добавить метку
Нет меток, Требуется 1-ая метка записи!
|
| Thư viện lưu trữ: | Trung tâm Học liệu Trường Đại học Cần Thơ |
|---|
| LEADER | 00429nam a2200157Ia 4500 | ||
|---|---|---|---|
| 001 | CTU_25477 | ||
| 008 | 210402s9999 xx 000 0 und d | ||
| 082 | |a 031 | ||
| 082 | |b C697/Vol.3 | ||
| 245 | 0 | |a Collier's encyclopedia. Vol.3 | |
| 260 | |a New York | ||
| 260 | |b P. F. Collier | ||
| 260 | |c 1957 | ||
| 650 | |a encyclopedias and dictionaries | ||
| 904 | |i Minh, 980926 | ||
| 980 | |a Trung tâm Học liệu Trường Đại học Cần Thơ | ||